Statistiques concernant Sports par image de la balle

Cliquez ici pour prendre le quiz!

Statistiques générales

  • Ce quiz a été pris 717 fois
  • Le résultat moyen est 15 sur 20

Statistiques - réponses

Réponse% Correct
Football
99%
Billard
97%
Bowling
97%
Rugby
97%
Baseball
96%
Volleyball
96%
Badminton
95%
Tennis
95%
Golf
92%
Football américain
91%
Handball
89%
Pétanque
85%
Tennis de table
83%
Curling
75%
Quidditch
68%
Hockey sur glace
44%
Cricket
21%
Hockey sur gazon
17%
Polo
10%
Squash
7%

Distribution des résultats

Percentile par nombre de réponses

% des personnes avec chaque résultat

Votre développement - résultats

Vous n’avez pas pris ce quiz